Niemcy w Realu Madryt - nagła śmierć - Statystyki

Ogólne statystyki
  • Ten quiz został rozwiązany 144 razy
  • Średni wynik to 6 z 10
Answers on the Grid
Answers color-coded by a green-red scale on the quiz's grid according to % correct below.
Franz Beckenbauer
Jerome Boateng
Paul Breitner
Emre Can
Julian Draxler
Bodo Illgner
Oliver Kahn
Sami Khedira
Jurgen Kohler
Toni Kroos
Lothar Matthaus
Christoph Metzelder
Per Mertesacker
Gunter Netzer
Mesut Ozil
Antonio Rudiger
Karl-Heinz Rummenigge
Bernd Schuster
Bastian Schweinsteiger
Uli Stielike
 
Statystyki odpowiedzi
Odpowiedź % Poprawnych
Toni Kroos
94%
Mesut Ozil
89%
Antonio Rudiger
86%
Sami Khedira
80%
Bernd Schuster
44%
Bodo Illgner
43%
Christoph Metzelder
38%
Paul Breitner
34%
Gunter Netzer
23%
Uli Stielike
22%
Nie znaleziono quizów pasujących do podanych kryteriów
Rozkład punktacji
Procent ludzi z każdym wynikiem
Percentyl według liczby udzielonych odpowiedzi
Twoja historia wyników
Nie rozwiązałeś tego quizu